[Event "Recklinghausen op"]
[Site "Recklinghausen"]
[Date "1999.??.??"]
[Round "2"]
[White "Djeno, Mara"]
[Black "Glek, Igor V"]
[Result "0-1"]
[WhiteElo "2210"]
[BlackElo "2535"]

1.e4 e6 2.d4 d5 3.Nd2 Be7 4.Ngf3 Nf6 5.e5 Nfd7 6.Bd3 c5 7.c3 Nc6 8.O-O Qb6
9.dxc5 Nxc5 10.Bc2 Qc7 11.Re1 Nd7 12.Qe2 O-O 13.Nf1 f6 14.exf6 Nxf6 15.Bg5 Bc5
16.Bh4 Qf4 17.Bg3 Qh6 18.b4 Bb6 19.b5 Nd8 20.Rab1 Bc5 21.Ne5 Nf7 22.Nxf7 Rxf7
23.Ne3 Bd7 24.Be5 Raf8 25.f3 Nh5 26.Kh1 Nf4 27.Ng4 Qg5 28.Bxf4 Rxf4 29.Ne5 Rh4
30.g3 Qxg3 31.Rg1 Bxg1 32.Rxg1 Bxb5 33.c4 Bxc4 34.Nxc4 Qxf3+ 35.Qxf3 Rxf3
36.Ne5  0-1

[Event "Recklinghausen op"]
[Site "Recklinghausen"]
[Date "1999.??.??"]
[Round "3"]
[White "Wegener, Olaf"]
[Black "Gausel, Einar"]
[Result "0-1"]
[WhiteElo "2310"]
[BlackElo "2500"]

1.e4 e6 2.d4 d5 3.Nd2 Be7 4.Bd3 c5 5.dxc5 Nd7 6.exd5 exd5 7.Nb3 Nxc5 8.Nxc5 Bxc5
9.Nf3 Nf6 10.O-O O-O 11.h3 Ne4 12.c3 Qf6 13.Be3 Bxe3 14.fxe3 Qb6 15.Qc1 Bf5
16.Nd4 Bg6 17.Qc2 Rad8 18.Rae1 Rfe8 19.Rf4 a6 20.Qc1 Rd7 21.Bb1 Nd6 22.Bxg6 hxg6
23.Re2 Rde7 24.Rf3 Nc4 25.Kh1 Re4 26.b3 Ne5 27.Rf1 Qc7 28.Nf3 Nxf3 29.gxf3 Rh4
30.Kg2 Re5 31.f4 Reh5 32.Rf3 Qc8 33.Qh1 Qxc3  0-1

[Event "Recklinghausen op"]
[Site "Recklinghausen"]
[Date "1999.??.??"]
[Round "8"]
[White "Saltaev, Mihail"]
[Black "Eingorn, Vereslav S"]
[Result "1/2-1/2"]
[WhiteElo "2480"]
[BlackElo "2585"]

1.e4 e6 2.d4 d5 3.Nd2 a6 4.Ngf3 c5 5.Bd3 cxd4 6.Nxd4 Nc6 7.Nxc6 bxc6 8.O-O Nf6
9.Qe2 Be7 10.b3 a5 11.Bb2 O-O 12.f4  1/2-1/2

[Event "San Felipe zt"]
[Site "San Felipe"]
[Date "1999.??.??"]
[Round "3"]
[White "Sequera, Jose"]
[Black "Warner, Delisle"]
[Result "1-0"]
[WhiteElo "2340"]
[BlackElo "2199"]

1.e4 e6 2.d4 d5 3.Nd2 Nc6 4.Ngf3 Nf6 5.e5 Nd7 6.b3 f6 7.Bb2 fxe5 8.dxe5 Bc5
9.a3 a5 10.Bd3 Qe7 11.O-O g5 12.Kh1 g4 13.Ng1 Qh4 14.f4 O-O 15.Ne2 Ne7 16.Ng3 Ra6
17.Qe1 Qh6 18.Qe2 Rxf4 19.Rxf4 Qxf4 20.Bxa6 bxa6 21.Re1 Ng6 22.Ndf1 Qg5 23.Bc1 Qxe5
24.Qd1 Qd4 25.Qxd4 Bxd4 26.Rxe6 Kf7 27.Re1 Nf6 28.Be3 Be5 29.a4 h5 30.Bg5 Nh7
31.Bd2 h4 32.Nh5 d4 33.Re2 Bf5 34.Bf4 Bh8 35.Bxc7 Nf6 36.Rf2 Ke6 37.Nxf6 Bxf6
38.Rd2 Be4 39.Kg1 Ne7 40.Bd8 Nc6 41.Re2 Bxd8 42.Nd2 Ne5 43.Nxe4 Kd5 44.Nc5 Bg5
45.Nxa6 Be3+ 46.Kf1 Bf4 47.h3 gxh3 48.gxh3 d3 49.cxd3 Nxd3 50.Rc2 Bg3 51.Rc8 Nf4
52.b4 Nxh3 53.bxa5 Nf4 54.Nb4+  1-0

[Event "San Felipe zt"]
[Site "San Felipe"]
[Date "1999.??.??"]
[Round "5"]
[White "Sequera, Jose"]
[Black "Pazos, Plinio"]
[Result "0-1"]
[WhiteElo "2340"]
[BlackElo "2366"]

1.e4 e6 2.d4 d5 3.Nd2 a6 4.Ngf3 c5 5.exd5 exd5 6.Be2 c4 7.O-O Bd6 8.b3 b5
9.c3 Nc6 10.a4 Rb8 11.Re1 Nge7 12.Nf1 O-O 13.Bg5 Qc7 14.axb5 axb5 15.Bxe7 Bxe7
16.b4 Bd6 17.Ne3 Be6 18.Qc2 Bf4 19.g3 Bxe3 20.fxe3 Ne7 21.Bf1 Bf5 22.Qf2 Ra8
23.Bg2 Be4 24.Ng5 Bg6 25.Rf1 Qb7 26.Bh3 Ra6 27.Rxa6 Qxa6 28.Ne6 Bd3 29.Nxf8 Bxf1
30.Be6 fxe6 31.Nd7 Qc8 32.Ne5 Qf8 33.Qxf1 Qxf1+ 34.Kxf1 Nf5 35.Nc6 Nxe3+
36.Ke2 Nf5 37.Nd8 Nd6 38.Kd2 Ne4+ 39.Kc2 Ng5 40.h4 Ne4 41.Nxe6 Nxg3 42.Nc7 h5
43.Nxd5 Kf7 44.Kd2 g5 45.hxg5 h4 46.Ke3 h3 47.g6+ Kg7  0-1

[Event "Santiago op"]
[Site "Santiago"]
[Date "1999.??.??"]
[Round "5"]
[White "Arbunic Castro, Giovanna B"]
[Black "Leskovar, Mario"]
[Result "0-1"]
[WhiteElo "2110"]
[BlackElo "2395"]

1.e4 e6 2.d4 d5 3.Nd2 Nc6 4.Ngf3 Nf6 5.e5 Nd7 6.Nb3 a5 7.a4 f6 8.Bb5 Be7
9.O-O fxe5 10.dxe5 O-O 11.Re1 Qe8 12.c3 Qh5 13.Bxc6 bxc6 14.Nbd4 Nb8 15.Be3 c5
16.Ne2 Bb7 17.Ng3 Qg6 18.Qd2 Rxf3 19.gxf3 h5 20.h4 Bxh4 21.Kh2 Nd7 22.f4 Be7
23.Rg1 d4 24.cxd4 Qg4 25.f3 Bxf3 26.Rg2 Nb6 27.Nf1 Bxg2 28.Qxg2 Qxg2+ 29.Kxg2 cxd4
30.Bxd4 Nd5 31.Kg3 Rb8 32.Nd2 Bb4 33.Ne4 Be7 34.Nd2 h4+ 35.Kg4 Rb4 36.Bc3 Rxf4+
37.Kh3 g5 38.Bxa5 g4+ 39.Kh2 Rd4 40.b3 Bg5 41.Nc4 Rd3 42.Rb1 h3 43.Be1 Bf4+
44.Kh1 Nb6 45.a5 Nxc4 46.bxc4 Ra3 47.Bb4 Ra2  0-1

[Event "Staufer-Open 11th"]
[Site "Schwaebisch Gmuend"]
[Date "1999.??.??"]
[Round "6"]
[White "Wieder, Heiner"]
[Black "Schnepp, Gunnar"]
[Result "1/2-1/2"]
[WhiteElo "2110"]
[BlackElo "2265"]

1.e4 e6 2.d4 d5 3.Nd2 Nc6 4.Ngf3 Nf6 5.e5 Nd7 6.Nb3 a5 7.Bf4 a4 8.Nc1 Bb4+
9.c3 a3 10.cxb4 axb2 11.Rb1 bxc1=Q 12.Qxc1 Rxa2 13.Bd3 Ne7 14.h4 c6 15.Rh3 h6
16.h5 Qb6 17.Rg3 Kf8 18.Kf1 Qa7 19.Kg1 Qa3 20.Qd1 Qa4 21.Qc1 Qa3 22.Qd1 Qa4
23.Qe1 b6 24.Nh4 Ba6 25.Bxa6 Qxa6 26.Qd1 Qc4 27.Qg4 Rg8 28.Ng6+ fxg6 29.Qxe6 Qc2
30.Qxd7 Qxb1+ 31.Kh2 Ra1 32.Bc1 Qxc1 33.Rf3+ Nf5 34.Rxf5+ gxf5 35.Qd8+ Kf7
36.Qd7+ Kf8  1/2-1/2

[Event "St Lorrain Masters-B"]
[Site "St Lorrain"]
[Date "1999.??.??"]
[Round "?"]
[White "Guigonis, Dominique"]
[Black "Legky, Nikolay A"]
[Result "1/2-1/2"]
[WhiteElo "2310"]
[BlackElo "2495"]

1.e4 e6 2.d4 d5 3.Nd2 a6 4.Ngf3 c5 5.Bd3 Nf6 6.dxc5 dxe4 7.Nxe4 Nxe4 8.Bxe4 Qxd1+
9.Kxd1 Bxc5 10.Ke2 f6 11.Be3 Bxe3 12.Kxe3 Nd7 13.Nd2 Nc5 14.Bf3 a5 15.a3 a4
16.b4 axb3 17.cxb3 e5 18.Rhc1 Ne6 19.a4 Ke7 20.a5 f5 21.b4 Rd8 22.Nb3 e4
23.Be2 Bd7 24.Bc4 Rac8 25.Bd5 Bc6 26.Bxe6 Kxe6 27.Nd4+ Ke5 28.Rc5+ Bd5 29.f4+ exf3
30.Nxf3+  1/2-1/2

[Event "SVK-chT1E 9899"]
[Site "SVK"]
[Date "1999.??.??"]
[Round "6"]
[White "Szuk, Balazs"]
[Black "Lukac, Jozef"]
[Result "1-0"]
[WhiteElo "2435"]
[BlackElo "2065"]

1.e4 e6 2.d4 d5 3.Nd2 Nc6 4.Ngf3 Nf6 5.e5 Ne4 6.c3 f5 7.Nxe4 fxe4 8.Ng5 Bd7
9.Qg4 Qe7 10.Nxh7 Qf7 11.Ng5 Qg6 12.Be2 O-O-O 13.Qf4 Re8 14.Qf7 Qxf7 15.Nxf7 Rh7
16.O-O Be7 17.f3 exf3 18.Rxf3 Rg8 19.Ng5 Bxg5 20.Bxg5 Be8 21.Raf1 Rhh8 22.Bd3 Kd7
23.Rg3 a6 24.Rf4 Ne7 25.Bxe7 Kxe7 26.Rfg4 Kf8 27.c4 c6 28.c5 Bh5 29.Rg5 Bf7
30.Be2 Rh4 31.R5g4 Rgh8 32.h3 Rxg4 33.Bxg4 Ke7 34.Rb3 Rb8 35.Be2 Kd7 36.Bxa6 Kc7
37.Be2 Ra8 38.a3 Ra4 39.Rb4 Rxb4 40.axb4 b5 41.cxb6+ Kxb6 42.h4 Kc7 43.Kf2 Kd7
44.Ke3 Bg6 45.Kf4 Be4 46.g4 Bg6 47.Kg5 Be4 48.h5 Ke7 49.h6 Kf7 50.Ba6  1-0

[Event "SVK-chT1E 9899"]
[Site "SVK"]
[Date "1999.??.??"]
[Round "7"]
[White "Karnik, Pavel"]
[Black "Tibensky, Robert"]
[Result "1/2-1/2"]
[WhiteElo "2320"]
[BlackElo "2435"]

1.e4 e6 2.d4 d5 3.Nd2 a6 4.Ngf3 c5 5.exd5 exd5 6.Be2 Nf6 7.O-O Nbd7 8.dxc5 Bxc5
9.Nb3 Ba7 10.Bg5 O-O 11.c3 Re8 12.Qd3 h6 13.Bh4 g5 14.Bg3 Ne4 15.Rae1 Ndc5
16.Nxc5 Bxc5 17.Nd4 Qf6 18.Bf3 Bf5 19.Qd1 Rad8 20.Re3 Bg6 21.Rfe1 Re7 22.Bh5 Rde8
23.Bxg6 Qxg6 24.f3 Nxg3 25.Rxe7 Rxe7 26.Rxe7 Bxe7 27.hxg3 Bc5 28.g4 Qf6 29.Kf1 Bxd4
30.Qxd4 Qxd4 31.cxd4 Kf8 32.Ke2 Ke7 33.Ke3 Kd6 34.a4 Kc6 35.b4 Kb6 36.Kf2 a5
37.b5 Kc7 38.Kg3 Kd6 39.Kh3 Ke6 40.Kg3 f5 41.Kf2 f4 42.Ke2 Kf6 43.Kf2 Kg6
44.Ke2 h5 45.Kf2  1/2-1/2

[Event "SVK-chT 9899"]
[Site "SVK"]
[Date "1999.??.??"]
[Round "7"]
[White "Kotan, Ladislav"]
[Black "Hagara, Eduard"]
[Result "0-1"]
[WhiteElo "2310"]
[BlackElo "2270"]

1.e4 e6 2.d4 d5 3.Nd2 Nc6 4.c3 dxe4 5.Nxe4 Qd5 6.Qe2 Be7 7.Bf4 Nf6 8.Nxf6+ Bxf6
9.Nf3 O-O 10.Ne5 Re8 11.Qe3 Ne7 12.Bd3 c5 13.dxc5 Nf5 14.Qe4 h5 15.b4 Qxe4+
16.Bxe4 g5 17.g3 gxf4 18.gxf4 Rb8 19.O-O-O Ne7 20.Rhg1+ Kf8 21.c4 Bxe5 22.fxe5 Nc6
23.Bxc6 bxc6 24.a3 a5 25.Rg3 axb4 26.Rb3 Ba6 27.Rd4 bxa3 28.Rxa3 Bc8 29.Rh4 Ke7
30.Rxh5 Rg8 31.Rf3 Rg1+ 32.Kc2 Ba6 33.Rh7 Rf8  0-1

[Event "SWZ-chT"]
[Site "SWZ"]
[Date "1999.??.??"]
[Round "4"]
[White "Landenbergue, Claude"]
[Black "Kupper, Patrick"]
[Result "1-0"]
[WhiteElo "2420"]
[BlackElo "2300"]

1.e4 e6 2.d4 d5 3.Nd2 a6 4.Ngf3 c5 5.exd5 exd5 6.Be2 cxd4 7.O-O Bd6 8.Nb3 Ne7
9.Nbxd4 O-O 10.c3 Nbc6 11.Bg5 Qc7 12.h3 Re8 13.Bd3 Bd7 14.Qc2 h6 15.Bd2 Rac8
16.Rae1 Nxd4 17.Nxd4 Bh2+ 18.Kh1 Be5 19.Nf3 Bf6 20.Be3 Nc6 21.Qd2 Rcd8 22.Bb1 Ne7
23.Bd4 Qd6 24.Re3 Nf5 25.Rxe8+ Rxe8 26.Bxf6 Qxf6 27.Qxd5 Nd6 28.Rd1 Bc6 29.Qxd6 Qxd6
30.Rxd6 Bxf3 31.gxf3 Re1+ 32.Kg2 Rxb1 33.Rb6 a5 34.Rxb7 a4 35.Rb4 Kf8 36.b3 axb3
37.axb3 Rc1 38.c4 Ke7 39.Rb7+ Ke6 40.Kg3 Rc2 41.Rb6+ Kd7 42.Rb5 Kd6 43.h4 Kd7
44.h5 Kd6 45.f4 Kd7 46.f3 Kd6 47.Kg4 Rg2+ 48.Kf5 Rh2 49.Ke4 Re2+ 50.Kd3 Rf2
51.Ke3 Rc2 52.Rd5+ Ke6 53.Kd4 Rf2 54.f5+ Kf6 55.b4 Rxf3 56.b5 Rb3 57.Kc5 Kg5
58.b6 Kxh5 59.Kc6 Kg4 60.b7  1-0

[Event "RUS-Cup"]
[Site "Tula "]
[Date "1999.??.??"]
[Round "5"]
[White "Lastin, Alexander"]
[Black "Kostenko, Petr"]
[Result "1-0"]
[WhiteElo "2558"]
[BlackElo "2468"]

1.e4 e6 2.d4 d5 3.Nd2 Be7 4.Bd3 Nc6 5.Ngf3 Nb4 6.Bb5+ c6 7.Ba4 Qa5 8.Bb3 dxe4
9.Ne5 Nf6 10.O-O c5 11.c3 Nbd5 12.c4 cxd4 13.cxd5 exd5 14.Nxf7 Kxf7 15.Nxe4 Nxe4
16.Qh5+ Kf8 17.Bxd5 Nd6 18.Qf3+ Ke8 19.b4 Qxb4 20.Ba3 Qc3 21.Qh5+ Kd8 22.Bb3 Rf8
23.Rac1 Rf5 24.Qe2 d3 25.Qxe7+ Kxe7 26.Rxc3 d2 27.Rd3 Rf6 28.Rxd2 a5 29.Re1+ Kd7
30.Ba4+ b5 31.Bxb5+ Kc7 32.Bxd6+ Rxd6 33.Rc1+ Kb6 34.Rxd6+ Kxb5 35.Rd8 Bb7
36.Rb1+ Kc5 37.Rxa8 Bxa8 38.f4 Be4 39.Rb8 h5 40.Kf2 g6 41.g3 Bd5 42.a3 Be4
43.Ke3 Bf5 44.Kd2 Kc4 45.Ra8 Kb5 46.Kc3 Be4 47.Re8 Bf5 48.Re5+ Ka4 49.Kb2 Bd3
50.Rg5 Bf5 51.h3  1-0

[Event "JUG-chT (Women)"]
[Site "Vrnjacka Banja"]
[Date "1999.??.??"]
[Round "4"]
[White "Peptan, Corina"]
[Black "Pihajlic, Amalija"]
[Result "1-0"]
[WhiteElo "2419"]
[BlackElo "2087"]

1.e4 e6 2.d4 d5 3.Nd2 Nc6 4.c3 Nf6 5.e5 Nd7 6.Bd3 f5 7.Nh3 Nb6 8.Nf4 Qe7
9.g4 g6 10.h4 Bd7 11.Nb3 O-O-O 12.Be3 Qf7 13.Qe2 Ne7 14.Nc5 fxg4 15.Ba6 Nf5
16.Nxb7 Qe7 17.Nxd8+ Kxd8 18.Qxg4 Na4 19.Nxd5 Nxe3 20.Nxe3 Nxb2 21.Qg5 Bc6
22.Rh3 Kd7 23.Qxe7+ Bxe7 24.Rb1 Rb8 25.Nd1 Rb6 26.Be2 Ba3 27.c4 Be4 28.Rxa3 Bxb1
29.Rxa7 Nxd1 30.Bxd1 Rb2 31.d5 Rxa2 32.Ba4+ Kd8 33.Ra8+ Ke7 34.d6+ cxd6 35.Re8+ Kf7
36.exd6  1-0

[Event "JUG-chT"]
[Site "Vrnjacka Banja"]
[Date "1999.??.??"]
[Round "5"]
[White "Marinkovic, Slavisa"]
[Black "Drasko, Milan"]
[Result "1/2-1/2"]
[WhiteElo "2449"]
[BlackElo "2509"]

1.e4 e6 2.d4 d5 3.Nd2 Be7 4.Bd3 c5 5.dxc5 Nf6 6.Qe2 Nc6 7.Ngf3 a5 8.O-O O-O
9.c4 a4 10.Rd1 Bxc5 11.exd5 exd5 12.cxd5 Nb4 13.Ne4 Nxd3 14.Rxd3 Nxe4 15.Qxe4 Re8
16.Qf4 Qb6 17.Be3 Qxb2 18.Re1 Qb4 19.Qxb4 Bxb4 20.Rc1 Bf5 21.Rd4 Bd6 22.h3 f6
23.Nd2 b5 24.Bf4 Ba3 25.Rc7 g5 26.Bg3 h5 27.h4 Bb2 28.Rb4 gxh4 29.Bf4 Re1+
30.Kh2 Be5 31.Bxe5 Rxe5 32.Rxb5 Rd8 33.Nc4 Rexd5 34.Rxd5 Rxd5 35.Ne3 Re5
36.Ra7 Be6 37.Rxa4 Rb5 38.Rf4 Kg7 39.a4 Ra5 40.Rxh4 Bd7  1/2-1/2

[Event "Challengers"]
[Site "Hastings ENG"]
[Date "2000.01.01"]
[Round "4"]
[White "Kwiatkowski,F"]
[Black "Rendle,T"]
[Result "0-1"]
[WhiteElo "2229"]
[BlackElo "2119"]

1.e4 e6 2.d4 d5 3.Nd2 Be7 4.Ngf3 Nf6 5.e5 Nfd7 6.Bd3 c5 7.c3 Nc6 8.O-O a5
9.Re1 cxd4 10.cxd4 Qb6 11.Qa4 g5 12.Nb3 g4 13.Nfd2 Qc7 14.Nf1 Nb6 15.Qb5 a4  0-1

[Event "Challengers"]
[Site "Hastings ENG"]
[Date "2000.01.04"]
[Round "7"]
[White "Zagrebelny,S"]
[Black "McDonald,N"]
[Result "0-1"]
[WhiteElo "2521"]
[BlackElo "2429"]

1.e4 e6 2.d4 d5 3.Nd2 Be7 4.Bd3 c5 5.dxc5 Nf6 6.Qe2 Nc6 7.Ngf3 Bxc5 8.c3 Qc7
9.O-O Bd7 10.h3 Nh5 11.Nb3 Ng3 12.Qc2 dxe4 13.Bxe4 Nxe4 14.Qxe4 Bd6 15.Be3 Ne7
16.Bd4 Bc6 17.Qe2 Ng6 18.Rfe1 Nf4 19.Qe3 O-O 20.c4 b6 21.Rac1 e5 22.Bxe5 Bxe5
23.Qxe5 Qxe5 24.Nxe5 Bxg2 25.Rc3 Rfe8 26.Kh2 f6 27.Nd3 Rxe1 28.Nxe1 Bb7 29.c5 Re8
30.Nd3 Ne2 31.Rc2 bxc5 32.Nbxc5 Bd5 33.b4 Nd4 34.Rb2 Nf3+ 35.Kg3 g5 36.b5 h5
37.Nb4 h4+ 38.Kg4 Ba8 39.Nc6 Ne5+ 40.Nxe5 Rxe5 41.Rc2 Kg7 42.f4 Kg6 43.fxg5 fxg5
44.Rd2 Rxc5 45.Rd6+ Kg7 46.Ra6 Bd5 47.Rxa7+ Kf6 48.a4 Rc4+ 49.Kh5 Bf7+ 50.Kh6 Rc8
51.Ra6+ Be6 52.Kh7 g4 53.hxg4 h3 54.g5+ Ke5  0-1

[Event "ch-AUS"]
[Site "Mingara NSW AUS"]
[Date "2000.01.04"]
[Round "7"]
[White "Tindall,B"]
[Black "Johansen,D"]
[Result "1/2-1/2"]
[WhiteElo "2250"]
[BlackElo "2496"]

1.e4 e6 2.d4 d5 3.Nd2 Nc6 4.Ngf3 Nf6 5.e5 Nd7 6.Be2 Be7 7.O-O O-O 8.b3 f6
9.Bb2 fxe5 10.Nxe5 Ndxe5 11.dxe5 Bc5 12.Nf3 Qe7 13.Qd2 Bd7 14.Rac1 Rad8 15.c4 Be8
16.Qg5 dxc4 17.Qxe7 Bxe7 18.Bxc4 Kf7  1/2-1/2

[Event "It A"]
[Site "Paretana ESP"]
[Date "2000.01.04"]
[Round "7"]
[White "Narciso Dublan,M"]
[Black "Lopez Martinez,J"]
[Result "1-0"]
[WhiteElo "2447"]
[BlackElo "2378"]

1.e4 e6 2.d4 d5 3.Nd2 Be7 4.c3 c5 5.dxc5 Bxc5 6.Bd3 Nf6 7.Qe2 Nc6 8.Ngf3 Qc7
9.O-O h6 10.e5 Nd7 11.Re1 Be7 12.b4 g5 13.b5 Na5 14.c4 dxc4 15.Nxc4 Nxc4
16.Bxc4 b6 17.Nd4 Nf8 18.Bb2 Bc5 19.Nf5 exf5 20.e6 Bxe6 21.Bxh8 O-O-O 22.Be5 Qb7
23.Rad1 Rxd1 24.Rxd1  1-0

[Event "V Ubeda Open"]
[Site "Ubeda ESP"]
[Date "2000.01.19"]
[Round "10"]
[White "Holmsten,A"]
[Black "Minasian,Ara"]
[Result "1/2-1/2"]
[WhiteElo "2364"]
[BlackElo "2485"]

1.e4 e6 2.d4 d5 3.Nd2 a6 4.Ngf3 c5 5.dxc5 Bxc5 6.Nb3 Bb6 7.exd5 exd5 8.Bd3 Ne7
9.O-O Nbc6 10.Re1 O-O 11.c3 Bf5 12.Bxf5 Nxf5 13.Qd3 Nh4 14.Nxh4 Qxh4 15.Be3 Bc7
16.g3 Qc4 17.Red1 Qg4 18.Nd4 Ne5 19.Qf5 Qe4 20.Bf4 Rac8 21.Bxe5 Bxe5 22.Re1 Qxf5
23.Nxf5 Rce8 24.Rad1 Bf6 25.Rxe8 Rxe8 26.Ne3 d4 27.cxd4 Rd8 28.d5 Bxb2 29.Rb1 Bd4
30.Rxb7 g6 31.Rb3 Bxe3 32.Rxe3 Rxd5  1/2-1/2

[Event "Corus"]
[Site "Wijk aan Zee NED"]
[Date "2000.01.20"]
[Round "5"]
[White "Korchnoi,V"]
[Black "Short,N"]
[Result "1/2-1/2"]
[WhiteElo "2659"]
[BlackElo "2683"]

1.d4 e6 2.e4 d5 3.Nd2 Be7 4.e5 c5 5.c3 cxd4 6.cxd4 Nc6 7.Ndf3 Bb4+ 8.Bd2 Qa5
9.Ne2 Bxd2+ 10.Qxd2 Qxd2+ 11.Kxd2 f6 12.exf6 gxf6 13.Nf4 Nge7 14.Re1 Kf7
15.Bd3 Bd7 16.g4 Nxd4 17.Nxd4 e5 18.Nxd5  1/2-1/2

[Event "Israeli League"]
[Site "Ramat Aviv ISR"]
[Date "2000.01.21"]
[Round "2"]
[White "Liss,E"]
[Black "Botvinnik,Il"]
[Result "1/2-1/2"]
[WhiteElo "2517"]
[BlackElo "2405"]

1.e4 e6 2.d4 d5 3.Nd2 Be7 4.e5 c5 5.Qg4 Kf8 6.dxc5 Nc6 7.Ngf3 h5 8.Qa4 Qc7
9.Qf4 f6 10.Nh4 Qxe5+ 11.Qxe5 Nxe5 12.f4 g5 13.fxe5 gxh4 14.Nf3 Bxc5 15.Nxh4 Kg7
16.Bf4 Bd4 17.Nf3 Bxb2 18.Rb1 Bc3+ 19.Kd1 fxe5 20.Nxe5 Kf6 21.Nf3 e5 22.Bg3 e4
23.Rb3 Ba1 24.Nh4 Ne7 25.c3 Bg4+ 26.Kc2 Rhc8 27.Bb5 a6 28.Ba4 b5 29.Rxa1 bxa4
30.Rf1+ Ke6 31.Rb4 Rc6 32.Bf2 Rf8 33.Kd2 Kd7 34.Rb7+ Ke8 35.h3 Bd7 36.Rbb1 Rcf6
37.Ke3 Bb5 38.c4 Bxc4 39.Rb8+ Kd7 40.Rxf8 Rxf8 41.Rb1 Nc6 42.Bg3 Bb5 43.Bh2 Kc8
44.Bd6 Rf6 45.Bc5 Bd3 46.Rg1 Kd7 47.g4 hxg4 48.hxg4 Rh6 49.Nf5 Rh3+ 50.Rg3 Rxg3+
51.Nxg3 a3 52.Kf4 Ke6 53.Bxa3 Bb1 54.Bc5 Bxa2 55.Nf5 Bb1 56.g5 e3 57.Nxe3 d4
58.Nf1 Kd5 59.Ba3 a5 60.Kf3 Bc2 61.Kf2 Ne5 62.Nd2 Nf7 63.Be7  1/2-1/2

[Event "V Ubeda Open"]
[Site "Ubeda ESP"]
[Date "2000.01.27"]
[Round "9"]
[White "Yandemirov,V"]
[Black "Ravi,L"]
[Result "1-0"]
[WhiteElo "2472"]
[BlackElo "2391"]

1.e4 e6 2.d4 d5 3.Nd2 Be7 4.Ngf3 c5 5.exd5 exd5 6.dxc5 Nf6 7.Bb5+ Bd7 8.Bxd7+ Nbxd7
9.O-O Nxc5 10.Re1 O-O 11.Nf1 Nce4 12.Be3 Qc8 13.Bd4 Rd8 14.Ne3 b5 15.Qe2 b4
16.Rad1 Bc5 17.Qb5 a5 18.Ne5 Ra6 19.Bxc5 Nxc5 20.Nf3 Qc6 21.Qxc6 Rxc6 22.Nxd5 Nxd5
23.Rxd5 Rcc8 24.Red1 Rxd5 25.Rxd5 f6 26.Kf1 Kf7 27.Nd4 Ne6 28.Nxe6 Kxe6 29.Rd2 h5
30.Ke2 g5 31.Kd1 h4 32.Rd3 Ke5 33.Kd2 g4 34.a3 f5 35.axb4 axb4 36.Rb3 Rc4
37.g3 hxg3 38.hxg3 f4 39.Rd3 fxg3 40.fxg3 Ke4 41.Re3+ Kd5 42.Re8 Rd4+ 43.Ke3 Rc4
44.Rd8+ Ke5 45.Kd3 Rc7 46.Re8+ Kf5 47.Re4 Rh7 48.Re3 Rc7 49.Re2 Rc8 50.Rd2 Kg5
51.Re2 Kf5 52.Re3 Rc7 53.c3 bxc3 54.bxc3 Rd7+ 55.Kc2 Rc7 56.Kb3 Rb7+ 57.Kc4 Rb8
58.Kd5 Rd8+ 59.Kc6 Rc8+ 60.Kd6 Rd8+ 61.Kc7 Rf8 62.Kb6 Rb8+ 63.Kc5 Rc8+ 64.Kd4 Rd8+
65.Kc4 Rc8+ 66.Kd3 Rd8+ 67.Kc2 Rc8 68.Re2 Rc7 69.Rf2+ Kg5 70.Rf4 Rh7 71.Rd4 Kf5
72.c4 Rh3 73.c5 Rxg3 74.c6 Rg2+ 75.Kc3 Rg3+ 76.Kc4 Ke5 77.Rd1 Rg2 78.Kb3 Rg3+
79.Kb2 Rg2+ 80.Kb1 Rg3  1-0

[Event "Corus Reserve Group"]
[Site "Wijk aan Zee NED"]
[Date "2000.01.28"]
[Round "8"]
[White "Bellin,R"]
[Black "Van der Weide,K"]
[Result "1-0"]
[WhiteElo "2351"]
[BlackElo "2452"]

1.e4 e6 2.d4 d5 3.Nd2 Nc6 4.Ngf3 Nf6 5.e5 Nd7 6.Be2 f6 7.exf6 Qxf6 8.Nf1 Bd6
9.Ne3 O-O 10.O-O Qg6 11.g3 Nf6 12.Nh4 Qe8 13.f4 Ne7 14.Ng4 Ne4 15.Nf2 Nf6
16.Ng4 c5 17.dxc5 Bxc5+ 18.Be3 Qc6 19.Qd3 Nxg4 20.Bxg4 e5 21.Bxc8 e4 22.Qc3 Bxe3+
23.Qxe3 Nxc8 24.Rf2 Nb6 25.b3 Rac8 26.Rd1 Qc3 27.Ng2 Rfd8 28.Rfd2 Qf6 29.Re2 Rc3
30.Qd4 Qxd4+ 31.Rxd4 Kf7 32.Ne3 Ke6 33.Kf2 Rdc8 34.Ke1 a5 35.Rdd2 R3c5 36.Rd4 Rc3
37.Rdd2 R8c7 38.Nd1 R3c5 39.Ne3 Nd7 40.c4 dxc4 41.bxc4 Nf6 42.Rb2 Kf7 43.Rb1 Rd7
44.Rd2 Re7 45.Rdb2 Rcc7 46.Rb5 a4 47.g4 Red7 48.Ke2 h5 49.h3 hxg4 50.hxg4 Kf8
51.R1b4 g6 52.Rxa4 Rh7 53.Rb6 Kg7 54.Rxf6 Kxf6 55.Nd5+ Ke6 56.Nxc7+ Rxc7
57.Ke3 Kd6 58.Kxe4 Kc5 59.Ke5 Rc6 60.f5 gxf5 61.gxf5 Rh6 62.f6 Rh2 63.f7 Re2+
64.Kf6 Rf2+ 65.Ke7 Re2+ 66.Kf8 Kc6 67.Ra8  1-0

[Event "2nd Novak Nikolic mem"]
[Site "Belgrade YUG"]
[Date "2000.02.02"]
[Round "1"]
[White "Vuckovic,Bo"]
[Black "Solak,D"]
[Result "1/2-1/2"]
[WhiteElo "2427"]
[BlackElo "2515"]

1.e4 e6 2.d4 d5 3.Nd2 Be7 4.Ngf3 Nf6 5.Bd3 c5 6.e5 Nfd7 7.c3 Nc6 8.O-O cxd4
9.cxd4 a5 10.Re1 Qb6 11.Nb1 Nxd4 12.Nxd4 Qxd4 13.Nc3 Bc5 14.Nb5 Qxf2+ 15.Kh1 O-O
16.Bg5 Bb4 17.Re3 g6 18.Rf3 Qxb2 19.Bf4 Nc5 20.Bc2 Bd7 21.Nd6 Ba4 22.Bxa4 Nxa4
23.Rb3 Qf2 24.Rf3 Qb2  1/2-1/2

[Event "Extraliga CZE"]
[Site "Ostrava CZE"]
[Date "2000.02.05"]
[Round "8"]
[White "Prandstetter,E"]
[Black "Hausner,I"]
[Result "1-0"]
[WhiteElo "2385"]
[BlackElo "2415"]

1.e4 e6 2.d4 d5 3.Nd2 Be7 4.Ngf3 Nf6 5.e5 Nfd7 6.c3 c5 7.Bd3 Nc6 8.O-O a5
9.Re1 cxd4 10.cxd4 Nb6 11.a3 a4 12.Bc2 Bd7 13.Nb1 Na5 14.Nc3 Nac4 15.h3 h6
16.Nh2 Qc7 17.Rb1 Qb8 18.Kh1 Qa7 19.f4 Rc8 20.Ne2 Na8 21.Rf1 b5 22.f5 exf5
23.Bxf5 Bxf5 24.Rxf5 Nc7 25.Rf3 Ne6 26.Rd3 Qd7 27.Qe1 Rc6 28.Nf3 Ng5 29.Ng3 Qe6
30.Nh4 g6 31.Nf3 f5 32.Ne2 Ne4 33.Kg1 g5 34.b3 Nb6 35.Qa5 O-O 36.Qxb5 Rc2
37.Rd1 Rfc8 38.Ne1 axb3 39.Rxb3 R2c6 40.Qd3 Nc4 41.Qb1 Kf7 42.Rb7 Kg6 43.Nd3 Nb6
44.Nef4+  1-0

[Event "NED-chT"]
[Site "Amsterdam NED"]
[Date "2000.02.06"]
[Round "2"]
[White "Lemmers,O"]
[Black "Bosman,M"]
[Result "1-0"]
[WhiteElo "2415"]
[BlackElo "2311"]

1.e4 e6 2.d4 d5 3.Nd2 a6 4.Ngf3 c5 5.dxc5 Bxc5 6.Bd3 Nf6 7.O-O Nc6 8.a3 O-O
9.b4 Ba7 10.Bb2 b5 11.Re1 h6 12.h3 Bb7 13.e5 Nh7 14.Bxh7+ Kxh7 15.Nb3 Kg8
16.Qd3 Rc8 17.Rad1 Qe7 18.Nfd4 Qh4 19.Re2 Ne7 20.Nf3 Qh5 21.Bd4 Bb8 22.Nc5 Rc7
23.Kh2 Bc8 24.g4 Qg6 25.Qxg6 Nxg6 26.Kg3 f5 27.g5 h5 28.c3 Ba7 29.Ne1 f4+
30.Kh2 Nh4 31.Rd3 Rf5 32.Nf3 Nxf3+ 33.Rxf3 Bxc5 34.Bxc5 Bd7 35.h4 Be8 36.Rd2 Kh7
37.Rd4 Rcf7 38.Bd6 Bc6 39.Rfd3 Kg6 40.f3 Rd7 41.Rd1 Rff7 42.Kg2 Kf5 43.Kf2 g6
44.R4d2 Rxd6 45.exd6 Rd7 46.Re2 e5 47.Rde1 e4 48.Rd1 Ke5 49.Rb2 Rxd6 50.Rd4 e3+
51.Ke2 Bd7 52.Rb1 Bf5 53.Rc1 Rc6 54.Rcd1 Rxc3 55.Rxd5+ Ke6 56.Rd6+ Ke7 57.R6d4 Rc2+
58.Ke1 Rc4 59.Rxc4 bxc4 60.Rd4 c3 61.Rc4 c2 62.a4 Kd6 63.Rc3 Kd5 64.b5 axb5
65.axb5 Kd4 66.Rxc2 Bxc2 67.b6 e2 68.b7 Ke3 69.b8=Q Kxf3 70.Qb6 Kg4 71.Qg1+ Kxh4
72.Kxe2 Be4 73.Qd4  1-0

[Event "FSGM January"]
[Site "Budapest HUN"]
[Date "2000.02.06"]
[Round "2"]
[White "Yu Shaoteng"]
[Black "Zhang Pengxiang"]
[Result "1/2-1/2"]
[WhiteElo "2535"]
[BlackElo "2562"]

1.e4 e6 2.d4 d5 3.Nd2 Be7 4.Bd3 c5 5.dxc5 Nf6 6.Qe2 Qc7 7.Ngf3 Nbd7 8.O-O Nxc5
9.Bb5+ Bd7 10.exd5 Nxd5 11.Ne4 Nxe4  1/2-1/2

[Event "Goodricke Open"]
[Site "Calcutta IND"]
[Date "2000.02.06"]
[Round "1"]
[White "Dhar,S"]
[Black "Singh,G"]
[Result "0-1"]
[WhiteElo "2185"]
[BlackElo "2312"]

1.e4 e6 2.d4 d5 3.Nd2 Nc6 4.Ngf3 Nf6 5.e5 Nd7 6.c3 f6 7.exf6 Qxf6 8.Bb5 Bd6
9.Nf1 O-O 10.Bg5 Qf7 11.Qe2 e5 12.dxe5 Ndxe5 13.O-O-O Nxf3 14.gxf3 Qxf3 15.Qxf3 Rxf3
16.Be3 Ne7 17.Be2 Rf8 18.Ng3 Nf5 19.Rxd5 Nxe3 20.fxe3 Be6 21.Ra5 Rf2 22.Bd3 Rd8
23.Be4 b6 24.Rxa7 Be5 25.a3 Rdd2 26.Ra8+ Kf7 27.Bxh7 Rxb2 28.Bg8+ Ke7 29.Bxe6 Rfc2+
30.Kd1 Kxe6 31.Re8+ Kd5 32.e4+ Kc4 33.Rxe5 Kxc3 34.Ne2+ Rxe2 35.Rg1 Red2+  0-1

[Event "Extraliga CZE"]
[Site "Ostrava CZE"]
[Date "2000.02.06"]
[Round "9"]
[White "Manik,M"]
[Black "Hausner,I"]
[Result "1/2-1/2"]
[WhiteElo "2447"]
[BlackElo "2415"]

1.e4 e6 2.d4 d5 3.Nd2 Be7 4.Bd3 c5 5.dxc5 Nf6 6.exd5 Qxd5 7.Ngf3 Nbd7 8.O-O Nxc5
9.Bb5+ Bd7 10.c4 Qh5 11.Bxd7+ Nfxd7 12.Nb3 O-O 13.Nxc5 Nxc5  1/2-1/2

[Event "Goodricke Open"]
[Site "Calcutta IND"]
[Date "2000.02.11"]
[Round "6"]
[White "Yurtaev,L"]
[Black "Shetty,R"]
[Result "1-0"]
[WhiteElo "2536"]
[BlackElo "2307"]

1.e4 e6 2.d4 d5 3.Nd2 Be7 4.Ngf3 Nf6 5.e5 Nfd7 6.Bd3 c5 7.c3 b6 8.O-O cxd4
9.cxd4 Ba6 10.Bxa6 Nxa6 11.Re1 O-O 12.Nf1 Rc8 13.Bd2 Nab8 14.Qb3 Qc7 15.Rac1 Qb7
16.Bc3 Nc6 17.h4 b5 18.Bd2 Qb6 19.Qd3 a5 20.Bg5 Rfe8 21.Ne3 h6 22.Bf4 Bf8
23.g4 Ne7 24.h5 Rxc1 25.Rxc1 Rc8 26.Rd1 b4 27.g5 a4 28.Kh2 Kh8 29.Rg1 a3
30.gxh6 gxh6 31.bxa3 bxa3 32.Rb1 Qc6 33.Rb3 Qc1 34.Nxd5 Qc6 35.Nxe7 Bxe7
36.Bxh6 Rg8 37.Bf4 f6  1-0